| 000 | 00738nam a22002297a 4500 | ||
|---|---|---|---|
| 005 | 20170124110003.0 | ||
| 010 | _aA-842346 | ||
| 020 |
_c00.00 _a8170186579 |
||
| 035 | _aA-842346 | ||
| 037 | _bCen Lib/Ret | ||
| 040 |
_aDPL _bEN |
||
| 082 |
_a351.89 _bPAN |
||
| 100 |
_aPande, Savita _916396 |
||
| 245 |
_aPakistan's nuclear policy / _cby Savita Pande |
||
| 260 |
_aNew Delhi _bD.K. Publishers Distributors _c1991 |
||
| 270 |
_bNew Delhi _a1,Ansari Road, Daryaganj _e110002 |
||
| 300 |
_aviii,201p. : _c20cm(Hb) |
||
| 500 | _aIncludes index | ||
| 650 |
_aNuclear weapons -- Government policy -- Pakistan. _916397 |
||
| 650 |
_a Nuclear weapons -- Government policy. _916398 |
||
| 942 |
_2ddc _cEN _h351.89 _mPAN |
||
| 999 |
_c126040 _d126040 |
||